| Tag |
First Indicator |
Second Indicator |
Subfields |
| LEADER |
00000ctm a2200000Ia 4500 |
| 001 |
in00000085879 |
| 005 |
20220104090825.0 |
| 008 |
820618s1981 xx a bm 000 0 eng d |
| 035 |
|
|
|9 AAK3987AM
|
| 035 |
|
|
|a (OCoLC)08528662
|
| 035 |
|
|
|a (OCoLC)8528662
|
| 035 |
|
|
|a (OCoLC)ocm08528662
|
| 040 |
|
|
|a TXA
|b eng
|c TXA
|d OCL
|d OCLCQ
|d OCLCF
|d OCLCQ
|d UMI
|d OCLCO
|d TXA
|d UtOrBLW
|
| 049 |
|
|
|a TXAM
|
| 099 |
|
|
|a 1981
|a Dissertation
|a D911
|
| 100 |
1 |
|
|a Duncan, Keith Wesley.
|
| 245 |
1 |
0 |
|a Yaupon response to tebuthiuron and fire.
|
| 264 |
|
1 |
|c 1981.
|
| 300 |
|
|
|a xii, 105 leaves :
|b illustrations ;
|c 29 cm
|
| 336 |
|
|
|a text
|b txt
|2 rdacontent
|
| 337 |
|
|
|a unmediated
|b n
|2 rdamedia
|
| 338 |
|
|
|a volume
|b nc
|2 rdacarrier
|
| 500 |
|
|
|a "Major subject: Range Science."
|
| 500 |
|
|
|a Typescript (photocopy).
|
| 500 |
|
|
|a Vita.
|
| 502 |
|
|
|b Ph. D. in Philosophy
|c Texas A & M University
|d 1981
|
| 504 |
|
|
|a Includes bibliographical references (leaves 98-102).
|
| 520 |
3 |
|
|a A study was initiated in April 1978 to examine the response of yaupon (Ilex vomitoria Ait.) to various rates of tebuthiuron {N-(5-1,1-dimethylethyl)-1,3,4-thiadiazol-2-yl)-N,N'-dimethylurea} applied at various seasons, evaluate the influence of soil characteristics on tebuthiuron efficacy, examine yaupon susceptibility to fire, and evaluate the regrowth rate of yaupon following burning at various seasons. Tebuthiuron at 2 or 4 kg/ha significantly reduced yaupon canopy cover 2 years following application in the spring. Live stem densities of yaupon greater than 1.8 m tall were reduced 75% by 2 years following tebuthiuron applications of 2 or 4 kg/ha in the spring. Tebuthiuron applied at 2 kg/ha in the spring generally resulted in the same yaupon control as did 4 kg/ha applied at other seasons. Tebuthiuron phytotoxicity (% defoliation, % mortality) to huisache (Acacia farnesiana (L.) Willd.) and soil clay or organic matter content were inversely related. Tebuthiuron at 1 or 2 ppmw resulted in 100% mortality of huisache 287 days following application, regardless of clay or organic matter contents. However, tebuthiuron applied at 0.12 or 0.25 ppmw killed huisache only when applied to soils with less than 15% clay or 2.5% organic matter. A greater proportion of variation in tebuthiuron phytotoxicity to huisache was caused by the amount of variation in clay than by the amount of variation in organic matter content of the soils. ...
|
| 650 |
|
0 |
|a Brush
|x Control.
|
| 650 |
|
0 |
|a Herbicides.
|0 http://id.loc.gov/authorities/subjects/sh85060342
|
| 650 |
|
0 |
|a Ilex vomitoria.
|0 http://id.loc.gov/authorities/subjects/sh85064261
|
| 650 |
|
0 |
|a Plants
|x Effect of herbicides on.
|0 http://id.loc.gov/authorities/subjects/sh85102950
|
| 650 |
|
0 |
|a Prescribed burning.
|0 http://id.loc.gov/authorities/subjects/sh85106431
|
| 650 |
|
4 |
|a Range Science.
|
| 655 |
|
7 |
|a Academic theses.
|2 lcgft
|0 http://id.loc.gov/authorities/genreForms/gf2014026039
|
| 700 |
1 |
|
|a Merkle, M. G.,
|e degree committee member.
|0 http://id.loc.gov/authorities/names/n82013718
|
| 700 |
1 |
|
|a Scifries, Charles J.,
|e degree supervisor.
|
| 700 |
1 |
|
|a Stuth, J. W.,
|e degree committee member.
|
| 700 |
1 |
|
|a Whitson, R. E.,
|e degree committee member.
|
| 710 |
2 |
|
|a Texas A & M University,
|e degree granting institution.
|0 http://id.loc.gov/authorities/names/n80125885
|
| 856 |
4 |
1 |
|u http://proxy.library.tamu.edu/login?url=http://proquest.umi.com/pqdweb?did=749779991&sid=1&Fmt=2&clientId=2945&RQT=309&VName=PQD
|z Link to ProQuest Copy
|t 0
|
| 856 |
4 |
1 |
|u https://hdl.handle.net/1969.1/DISSERTATIONS-97500
|z Link to OAKTrust copy
|t 0
|
| 994 |
|
|
|a C0
|b TXA
|
| 999 |
f |
f |
|s 291ab0c7-386a-3c1d-8ee4-68d9472b9751
|i e5ed0f67-062e-3c7e-9375-9865f21256b3
|t 0
|
| 952 |
f |
f |
|p noncirc
|a Texas A&M University
|b J.J. Pickle Campus
|c High Density Repository
|s HDR
|d Remote Storage
|t 0
|e 1981 Dissertation D911
|h Other scheme
|i unmediated -- volume
|m A14841005367
|
| 952 |
f |
f |
|a Texas A&M University
|b College Station
|c Electronic Resources
|s www_evans
|d Available Online
|t 0
|e 1981 Dissertation D911
|h Other scheme
|
| 998 |
f |
f |
|a 1981 Dissertation D911
|t 0
|l Available Online
|
| 998 |
f |
f |
|a 1981 Dissertation D911
|t 0
|l Remote Storage
|